Nueva cajita de sorpresas / (Registro nro. 8319)

Detalles MARC
000 -LIDER
fixed length control field 01501nam a22003137a 4500
003 - IDENTIFICACDOR DE NÚMERO DE CONTROL
control field DO-SdBNP
005 - DATE AND TIME OF LATEST TRANSACTION
control field 20180222092623.0
008 - ELEMENTOS DE LONGITUD FIJA
fixed length control field 151001 2008 sp a00| 0 spa d
020 ## - ISBN
International Standard Book Number 9788449438462 (o. c.)
020 ## - ISBN
International Standard Book Number 9788449438479 (v. 1)
020 ## - ISBN
International Standard Book Number 9788449438486 (v. 2)
020 ## - ISBN
International Standard Book Number 9788449438496 (v. 3)
040 ## - FUENTE DE CATALOGACIÓN
Agencia que crea de manera original el registro BPMSU
Idioma de catalogación spa
Agencia que realiza la transcripción BPMSU
082 #4 - NÚMERO DE CLASIFICACIÓN DECIMAL DE DEWEY
Classification number xxxx
Item number xxxx
100 1# - ASIENTO PRINCIPAL -- NOMBRE PERSONAL
Nombre personal Carreter, Fernando Lázaro
245 10 - MENCIÓN DE TITULO
Título Nueva cajita de sorpresas /
Mención de responsabilidad dirección Carlos de Gispert ; ilustración Silvia Pla, María Pascual
260 ## - PUBLICACIÓN, DISTRIBUCIÓN, ETC. (PIE DE IMPRENTA)
Lugar de publicación, distribución, etc España :
Nombre del editor, distribuidor, etc. Oceano,
Fecha de publicación, distribución, etc 2008.
300 ## - DESCRIPCIÓN FÍSICA
Extensión 3 v. :
Otros detalles físicos il. + cd Room ;
Dimensiones 29 cm.
500 ## - NOTA GENERAL
Nota general Expresión y lenguaje, manualidades didácticas, ejercicios lúdicos para estimular la inteligencia, juegos educativos de todas las variedades imaginables, juegos interactivos, juegos musicales, juegos de mesa con dados y tablero... Una obra de altísimo valor didáctico que se convertirá en el objeto más preciado de los pequeños de la familia.
500 ## - NOTA GENERAL
Nota general Incluye: 1 CD-ROM, 1 CD-Audio, 1 cuaderno de ejercicios, 1 guía de los juegos de mesa y de los juegos musicales, tablero, baraja, cubilete, dados y fichas.
505 ## - NOTA DE CONTENIDO
Información miscelánea v. 1 :
Título Expresión y lenguaje
Información miscelánea v. 2 :
Título Manualidades didácticas
Información miscelánea v. 3 :
Título Juegos educativos
700 12 - ASIENTO SECUNDARIO -- NOMBRE PERSONAL
Nombre personal Gispert, Carlos de,
Mención de responsabilidad dir.
700 12 - ASIENTO SECUNDARIO -- NOMBRE PERSONAL
Nombre personal Pla, Silvia,
Mención de responsabilidad il.
700 12 - ASIENTO SECUNDARIO -- NOMBRE PERSONAL
Nombre personal Pascual, María
Mención de responsabilidad il.
910 ## - VALIDACIÓN
Validación 202
942 ## - ADDED ENTRY ELEMENTS (KOHA)
Source of classification or shelving scheme Dewey Decimal Classification
Koha item type Libros
945 ## - INFORMACIÓN DE PROCESAMIENTO LOCAL
Información de procesamiento local Inventariado, 2018 / BT
956 ## - LOCAL ELECTRONIC LOCATION AND ACCESS (OCLC)
Nombre de host BTAVAREZ
Número de acceso 10
Trayectoria 20161101
Nombre Electrónico BPMSU
Procesador de solicitud 0038
Existencias
Withdrawn status Lost status Source of classification or shelving scheme Damaged status Not for loan Collection code Home library Current library Date acquired Source of acquisition Total Checkouts Full call number Barcode Date last seen Copy number Price effective from Koha item type
    Dewey Decimal Classification     Colección Infantil General Biblioteca Pública Metropolitana Salomé Ureña Biblioteca Pública Metropolitana Salomé Ureña 10/01/2015 COMPRA   xxxx xxxx BPMSU15100020 10/01/2015 v. 1. 10/01/2015 Libros
    Dewey Decimal Classification     Colección Infantil General Biblioteca Pública Metropolitana Salomé Ureña Biblioteca Pública Metropolitana Salomé Ureña 10/01/2015 COMPRA   xxxx xxxx BPMSU15100021 10/01/2015 v. 1, e. 2 10/01/2015 Libros
    Dewey Decimal Classification     Colección Infantil General Biblioteca Pública Metropolitana Salomé Ureña Biblioteca Pública Metropolitana Salomé Ureña 10/01/2015 COMPRA   xxxx xxxx BPMSU15100022 10/01/2015 v. 2 10/01/2015 Libros
    Dewey Decimal Classification     Colección Infantil General Biblioteca Pública Metropolitana Salomé Ureña Biblioteca Pública Metropolitana Salomé Ureña 10/01/2015 COMPRA   xxxx xxxx BPMSU15100023 10/01/2015 v. 2, e. 2 10/01/2015 Libros
    Dewey Decimal Classification     Colección Infantil General Biblioteca Pública Metropolitana Salomé Ureña Biblioteca Pública Metropolitana Salomé Ureña 10/01/2015 COMPRA   xxxx xxxx BPMSU15100024 10/01/2015 v. 3 10/01/2015 Libros
    Dewey Decimal Classification     Colección Infantil General Biblioteca Pública Metropolitana Salomé Ureña Biblioteca Pública Metropolitana Salomé Ureña 10/01/2015 COMPRA   xxxx xxxx BPMSU18020236 10/01/2015 v. 3, e. 2 10/01/2015 Libros